000 01027nam a2200217Ia 4500
003 IN-BaIIA
008 211028s9999 xx 000 0 eng d
020 _a90-277-2335-4
040 _cIIA Library
080 _a524.3-64(082.2)
_bAST
111 _aNATO Advanced Study Institute Workshop on Astrophysical Radiation Hydrodynamics
_cGarching, Federal Republic of Germany
_d1982 Aug. 2-13
_915519
245 0 _aAstrophysical radiation hydrodynamics
_bproceedings of the NATO advanced study institute workshop on astrophysical radiation hydrodynamics, held in Garching, Federal Republic of Germany, 2-13 Aug, 1982
_cedited by Karl-Heinz A Winkler and Michael L. Norman
260 _aDordrecht
_bD. Reidel Publishing
_c1986
300 _aviii, 590p.
490 _aNATO ASI series. series C : mathematical and physical scienc
650 _aAstronomy and astrophysics thesaurus
650 _aRadiative transfer
_91568
700 _aNorman, Michael L., ed.
_915520
700 _aWinkler, Karl-Heinz A., ed.
_915521
942 _cBK
999 _c9239
_d9239